=LDR 00000nam 2200000 4500 =001 INLIS000000000009286 =005 20130612101109 =008 ***********************************Ind** =035 ##$$0010-061300000009286 =041 ##$$a Ind =082 ##$$a 232 =090 ##$$a 232, Rah-m =100 ##$$a Rahim, Muhammad Ataur =245 ##$$a Misteri Yesus dalam sejarah, Dr. Muhammad Ataur Rahim =260 ##$$a 1994 $b ST. Pustaka Da'i =300 ##$$a vi, 365 hlm, 21 cm =650 ##$$a Agama Kristen =850 ##$$a NBPNMAT